Singular homology theory
Saved in:
| Hovedforfatter: | |
|---|---|
| Format: | Bog |
| Sprog: | engelsk |
| Udgivet: |
Nueva York
Springer-Verlag
1980
|
| Serier: | Graduate Texts in Mathematics, 70
|
| Fag: | |
| Tags: |
Tilføj Tag
Ingen Tags, Vær først til at tagge denne postø!
|
MARC
| LEADER | 00000nam a2200000 a 4500 | ||
|---|---|---|---|
| 001 | UCQ9569 | ||
| 003 | CL-VaPUC | ||
| 008 | 990112e19800000US |||||||||||||||||eng|d | ||
| 082 | 0 | 4 | |a 514.23 |b MAS |2 21 |
| 100 | |a Massey, William S. |e autor |9 424205 | ||
| 245 | 1 | 0 | |a Singular homology theory |
| 300 | |a 265 p | ||
| 942 | |c BK | ||
| 945 | |d 19990112 00:00:00 |a crobeson | ||
| 260 | |a Nueva York |b Springer-Verlag |c 1980 | ||
| 650 | 7 | |a TEORIA DE LA HOMOLOGIA |2 CL-VaPUC |9 422809 | |
| 650 | 0 | |a Topología algebraica |9 269858 | |
| 583 | |a last modification |c 19990112 00:00:00 |k Rodrigo Vera | ||
| 490 | 0 | |a Graduate Texts in Mathematics, 70 | |
| 999 | |c 278567 |d 278565 | ||
| 952 | |0 0 |1 0 |4 0 |6 514_230000000000000_MAS_1980 |7 0 |8 A |9 317188 |a BIBMAT |b BIBMAT |d 2019-11-20 |i 1316281 |o 514.23 MAS 1980 |p 1316281 |r 2025-01-07 |w 2019-11-20 |y BK |k MAT | ||